| 000 | 00475 a2200169 4500 | ||
|---|---|---|---|
| 003 | OSt | ||
| 005 | 20231218114411.0 | ||
| 008 | 231218b |||||||| |||| 00| 0 eng d | ||
| 020 | _a9789350721094 | ||
| 040 | _coclc | ||
| 082 |
_a891.433 _bJAG/N |
||
| 100 |
_aJagannathan , V R _910155 |
||
| 245 |
_aNAVBHARAT / _cV R Jaganathan |
||
| 260 |
_aNew Delhi: _bVani Prakashan, _c1994. |
||
| 300 | _a136p | ||
| 942 |
_2ddc _cBK _h891.433 _iJAG/N _k891.433 _mJAG/N |
||
| 999 |
_c43455 _d43455 |
||